[Event "OHRA B tournament"]
[Site "Brussels"]
[Date "1986.12.??"]
[Round "7"]
[White "Geenen, Marc"]
[Black "Winants, Luc"]
[Result "0-1"]
[WhiteElo "2255"]
[BlackElo "2350"]
[EventDate "1986.12.13"]
[BlackTitle "IM"]
[Source "365chess.com"]

1. e4 c5 2. Nf3 e6 3. d4 cxd4 4. Nxd4 Nf6 5. Nc3 d6 6. f4 a6 7. Qf3 Nbd7 8. Be3
e5 9. Nf5 g6 10. Ng3 Bh6 11. O-O-O Qe7 12. f5 Bxe3+ 13. Qxe3 b5 14. Qd2 Bb7
15. fxg6 hxg6 16. Qxd6 Qxd6 17. Rxd6 b4 18. Na4 Ke7 19. Rd2 Bc6 20. b3 Bxa4
21. bxa4 Nc5 22. Bc4 Rad8 23. Rf2 Rd4 24. Rhf1 Rxc4 25. Rxf6 Nd3+ 26. Kb1 Nf4
27. Rxa6 Rxh2 28. Rf2 Rxg2 29. Ra7+ Kf6 30. Rxg2 Nxg2 31. Rd7 Ne3 32. Rd2 Kg5
33. Kb2 Rc3 34. Rd3 Nc4+ 35. Kc1 f5 36. Ne2 Ra3 37. Rxa3 bxa3 38. Kd1 f4 39. Nc1
Kg4 40. Ke2 Kg3 41. Nd3 f3+ 42. Kf1 g5 43. a5 Nxa5 44. Nxe5 Kf4 45. Nd3+ Kxe4
46. Kf2 Nc6 47. Nc5+ Kd5 48. Nd3 Ne5 49. c4+ Nxc4 50. Nb2 axb2 0-1

[Event "OHRA B tournament"]
[Site "Brussels"]
[Date "1986.12.??"]
[Round "7"]
[White "Goormachtigh, Johan"]
[Black "Boey, Jozef Martin"]
[Result "1/2-1/2"]
[WhiteElo "2335"]
[BlackElo "2390"]
[EventDate "1986.12.13"]
[WhiteTitle "FM"]
[BlackTitle "IM"]
[Source "365chess.com"]

1. c4 e5 2. Nc3 Nc6 3. g3 g6 4. Bg2 Bg7 5. e3 d6 6. Nge2 Nge7 7. d3 O-O 8. O-O
Be6 9. Nd5 Qd7 10. Rb1 Nd8 11. b4 f5 12. b5 g5 13. f4 gxf4 14. exf4 Ng6 15. Qa4
Bf7 16. Bh3 Be6 17. Bg2 Bf7 18. Bh3 Be6 1/2-1/2

[Event "OHRA B tournament"]
[Site "Brussels"]
[Date "1986.12.??"]
[Round "7"]
[White "Gutman, Lev"]
[Black "Faragó, Iván"]
[Result "1/2-1/2"]
[WhiteElo "2460"]
[BlackElo "2520"]
[EventDate "1986.12.13"]
[WhiteTitle "GM"]
[BlackTitle "GM"]
[Source "365chess.com"]

1. Nf3 Nf6 2. g3 d5 3. Bg2 c6 4. O-O Bg4 5. d3 e6 6. Nbd2 Be7 7. Qe1 O-O 8. e4
Nbd7 9. h3 Bh5 10. Kh1 Ne8 11. Ng1 Nc7 12. Nb3 dxe4 13. dxe4 e5 14. Qa5 Ne6
15. f4 f6 16. Nf3 Qb6 17. Bd2 Nec5 18. Nh4 Rfe8 19. Qc3 Bf8 20. Rae1 Rad8 21. g4
Bf7 22. g5 Nxb3 23. axb3 Qd4 24. gxf6 Nxf6 25. Qxd4 exd4 26. e5 Nh5 27. Kh2 Bd5
28. Nf3 g6 29. Ng5 Bxg2 30. Kxg2 Ng7 31. Ra1 a6 32. Ra4 Be7 33. Nf3 Nf5 34. Ne1
c5 35. Nd3 Rc8 36. Kf3 Rc6 37. Rfa1 Rec8 38. Ke4 Ng3+ 39. Kf3 Nf5 40. Ke4 Kf7
41. Nf2 Ke6 42. c4 dxc3 43. bxc3 Bh4 44. Nd3 Be7 45. Be1 Rb6 46. Nc1 Rd8 47. Bf2
Rd1 48. Kf3 Rc6 49. Ra5 Rc7 50. Ke4 Rh1 51. h4 Rh3 52. Ne2 Bxh4 53. Bg1 Be7
54. Rd1 Rd7 55. Rxd7 Kxd7 56. Ra1 Ke6 57. b4 Ng3+ 58. Nxg3 Rxg3 59. bxc5 Rxc3
60. Rb1 Rc4+ 61. Kd3 Rxf4 62. Rxb7 Rg4 63. Bd4 1/2-1/2

[Event "OHRA B tournament"]
[Site "Brussels"]
[Date "1986.12.??"]
[Round "7"]
[White "Karólyi, Tibor"]
[Black "Kuligowski, Adam"]
[Result "1/2-1/2"]
[WhiteElo "2410"]
[BlackElo "2385"]
[EventDate "1986.12.13"]
[WhiteTitle "365chess.com"]
[BlackTitle "GM"]
[Source "IM"]

1. d4 Nf6 2. c4 e6 3. Nf3 b6 4. g3 Ba6 5. b3 Bb4+ 6. Bd2 c5 7. Bg2 Bb7 8. Bxb4
cxb4 9. O-O O-O 10. a3 Na6 11. Ne5 Bxg2 12. Kxg2 d5 13. e3 Qc7 14. axb4 Nxb4
15. Na3 Qb7 16. Kg1 Ne4 17. Qe2 1/2-1/2

[Event "OHRA B tournament"]
[Site "Brussels"]
[Date "1986.12.??"]
[Round "7"]
[White "Kerkhof, Philippe"]
[Black "Moulin, Pierre"]
[Result "0-1"]
[WhiteElo "2215"]
[BlackElo "2310"]
[EventDate "1986.12.13"]
[Source "365chess.com"]

1. e4 c5 2. c3 Qa5 3. Nf3 Nc6 4. Bd3 d6 5. h3 g6 6. O-O Bg7 7. Bc2 Nf6 8. d3
O-O 9. Be3 e5 10. Nbd2 Bd7 11. Nc4 Qc7 12. a4 Rae8 13. Qd2 b6 14. Bg5 Be6
15. Ne3 Nh5 16. Nd5 Bxd5 17. exd5 Ne7 18. Bxe7 Rxe7 19. Rfe1 Qb7 20. Bb3 Nf4
21. d4 Bh6 22. Kh2 cxd4 23. cxd4 e4 24. Ng1 Kg7 25. Qd1 Rc8 26. f3 Nh5 27. g4
Bf4+ 28. Kg2 Ng3 29. fxe4 Nxe4 30. Qf3 Nd2 31. Qxf4 Nxb3 32. Qxd6 Rc2+ 33. Kg3
Rd7 34. Qe5+ f6 35. Qe8 Qc7+ 36. Kh4 Rg2 37. Ne2 Re7 38. Qb5 Rexe2 39. d6 g5+
0-1

[Event "OHRA B tournament"]
[Site "Brussels"]
[Date "1986.12.??"]
[Round "7"]
[White "Pergericht, Daniel"]
[Black "Pein, Malcolm Bernard"]
[Result "1/2-1/2"]
[WhiteElo "2345"]
[BlackElo "2340"]
[EventDate "1986.12.13"]
[BlackTitle "IM"]
[Source "365chess.com"]

1. d4 Nf6 2. c4 c5 3. d5 a6 4. g3 b5 5. Bg2 d6 6. e4 g6 7. a4 bxc4 8. Nc3 Bg7
9. h3 O-O 10. Nf3 Nbd7 11. O-O Rb8 12. Ra2 Rb4 13. Be3 a5 14. Qc2 Ne8 15. Nd1 e6
16. dxe6 fxe6 17. Nc3 Nc7 18. Rd1 Qe7 19. Qd2 Rb6 20. Bf4 e5 21. Nd5 Nxd5
22. Qxd5+ Kh8 23. Bg5 Nf6 24. Qd2 Qa7 25. Qe1 Be6 26. Raa1 Ne8 27. Qe2 Qb7
28. Rd2 Rb4 29. Bd8 Qd7 30. Bxa5 Rxa4 31. Rxa4 Qxa4 32. Bc3 Qa7 33. Rd1 Qe7
34. Nd2 Qf7 35. Nf1 Qd7 36. Kh2 Nc7 37. Qe3 Nb5 38. f4 Nd4 39. fxe5 Bxe5 40. Nd2
Kg7 41. Nf3 Nxf3+ 42. Bxf3 Bxc3 43. bxc3 Bxh3 44. e5 Re8 45. Qf4 Qf5 46. exd6
Qxf4 47. gxf4 Bf5 48. Rd5 Rd8 49. Rxc5 Rxd6 50. Rxc4 1/2-1/2

[Event "OHRA B tournament"]
[Site "Brussels"]
[Date "1986.12.??"]
[Round "8"]
[White "Boey, Jozef Martin"]
[Black "Pergericht, Daniel"]
[Result "1/2-1/2"]
[WhiteElo "2390"]
[BlackElo "2345"]
[EventDate "1986.12.13"]
[WhiteTitle "IM"]
[Source "365chess.com"]

1. e4 e5 2. Nf3 Nf6 3. Nxe5 d6 4. Nc4 Nxe4 5. Nc3 Nxc3 6. dxc3 d5 7. Ne3 c6
8. f4 Bc5 9. Qf3 O-O 10. Bd2 Nd7 11. Bd3 Nf6 12. O-O-O Bxe3 13. Qxe3 Re8 14. Qd4
Ne4 15. c4 Nxd2 16. Rxd2 Qa5 17. a3 dxc4 18. Qxc4 Be6 19. Qb4 Qxb4 20. axb4 Bd5
21. Rhd1 g6 22. f5 gxf5 23. Bxf5 Re5 24. Rf2 Rae8 25. Rd4 Re2 26. Rg4+ Kh8
27. Rxe2 Rxe2 28. Rh4 Rxg2 29. Bxh7 Kg7 30. Bd3 Rg5 31. Kd2 Be6 1/2-1/2

[Event "OHRA B tournament"]
[Site "Brussels"]
[Date "1986.12.??"]
[Round "8"]
[White "Faragó, Iván"]
[Black "Abramović, Boško"]
[Result "1-0"]
[WhiteElo "2520"]
[BlackElo "2445"]
[EventDate "1986.12.13"]
[WhiteTitle "GM"]
[BlackTitle "GM"]
[Source "365chess.com"]

1. d4 e6 2. c4 f5 3. g3 Nf6 4. Bg2 Be7 5. Nf3 O-O 6. O-O c6 7. Nbd2 d5 8. Qc2
b6 9. Ne5 Bb7 10. Ndf3 Ne4 11. Nd3 Bf6 12. Bf4 Nd7 13. cxd5 exd5 14. Nfe5 Rc8
15. Rfc1 Nxe5 16. Bxe5 Qe7 17. Qa4 Ba8 18. e3 c5 19. Bxf6 Rxf6 20. Qa3 Rfc6
21. Rc2 Qc7 22. dxc5 bxc5 23. Rac1 c4 24. Nf4 Qf7 25. Rd1 Rc5 26. h4 g6 27. Bxe4
fxe4 28. Rcd2 h6 29. b4 c3 30. bxc5 cxd2 31. Rxd2 g5 32. hxg5 hxg5 33. Ne2 Qe7
34. Rc2 Rc6 35. Nd4 Rf6 36. Qb3 Bc6 37. Nxc6 1-0

[Event "OHRA B tournament"]
[Site "Brussels"]
[Date "1986.12.??"]
[Round "8"]
[White "Karólyi, Tibor"]
[Black "Defize, Alain"]
[Result "1-0"]
[WhiteElo "2410"]
[BlackElo "2330"]
[EventDate "1986.12.13"]
[WhiteTitle "IM"]
[BlackTitle "FM"]
[Source "365chess.com"]

1. d4 Nf6 2. c4 d6 3. Nc3 Nbd7 4. e4 e5 5. Nge2 c6 6. f3 Be7 7. Be3 O-O 8. d5
Ne8 9. Qd2 g6 10. Bh6 Ng7 11. g4 Nb6 12. Ng3 cxd5 13. cxd5 Bd7 14. Bd3 Rc8
15. b3 Na8 16. O-O Qa5 17. Rfc1 a6 18. Be3 f5 19. gxf5 gxf5 20. exf5 Nxf5
21. Bxf5 Bxf5 22. Nce4 Qxd2 23. Bxd2 Bd7 24. Rxc8 Bxc8 25. Bb4 Nc7 26. Rd1 Nb5
27. Kg2 b6 28. a4 Nd4 29. Bxd6 Bxd6 30. Nxd6 Nxb3 31. Nc4 b5 32. axb5 axb5
33. Nxe5 Nc5 34. Rc1 Nd7 35. Nc6 Bb7 36. Ne4 Bxc6 37. dxc6 Nb6 38. Re1 Rc8
39. Nd6 Rd8 40. Nxb5 Rd2+ 41. Kg3 1-0

[Event "OHRA B tournament"]
[Site "Brussels"]
[Date "1986.12.??"]
[Round "8"]
[White "Kouatly, Bachar"]
[Black "Goormachtigh, Johan"]
[Result "1/2-1/2"]
[WhiteElo "2430"]
[BlackElo "2335"]
[EventDate "1986.12.13"]
[WhiteTitle "IM"]
[BlackTitle "FM"]
[Source "365chess.com"]

1. d4 Nf6 2. c4 g6 3. Nc3 d5 4. cxd5 Nxd5 5. e4 Nxc3 6. bxc3 c5 7. Bc4 Bg7
8. Ne2 Nc6 9. Be3 O-O 10. O-O Bg4 11. e5 Rc8 12. h3 Bf5 13. Bb3 cxd4 14. cxd4
Na5 15. Nf4 Qd7 16. e6 fxe6 17. g4 Nxb3 18. Qxb3 Be4 19. Qxe6+ Qxe6 20. Nxe6
Rfe8 21. Rac1 Bd3 22. Rfd1 1/2-1/2

[Event "OHRA B tournament"]
[Site "Brussels"]
[Date "1986.12.??"]
[Round "8"]
[White "Pein, Malcolm Bernard"]
[Black "Kerkhof, Philippe"]
[Result "1-0"]
[WhiteElo "2340"]
[BlackElo "2215"]
[EventDate "1986.12.13"]
[WhiteTitle "IM"]
[Source "365chess.com"]

1. d4 Nf6 2. c4 c5 3. d5 b5 4. Nf3 b4 5. Nbd2 d6 6. e4 e5 7. a3 Na6 8. Qa4+ Qd7
9. Qc2 g6 10. Be2 Bh6 11. O-O O-O 12. Ne1 Qe7 13. Nd3 bxa3 14. Rxa3 Bxd2
15. Bxd2 Nxe4 16. Bh6 Re8 17. f3 Nb4 18. Qc1 Nxd3 19. Bxd3 Nf6 20. Bg5 Kg7
21. f4 e4 22. Re1 Qd8 23. Qc3 h6 24. Bh4 exd3 25. Rxe8 Qxe8 26. Qxf6+ Kg8
27. Rxd3 Bf5 28. Rd1 Qe3+ 29. Bf2 Qxf4 30. Re1 Qxc4 31. Qxd6 Rc8 32. h3 Qb4
33. Qf6 Qb6 34. d6 Qd8 35. Qe5 Qd7 36. Bxc5 Qe6 37. Qg3 Qd5 38. Re5 Qd1+ 39. Kh2
Qc2 40. Bd4 Rd8 41. Qh4 Rf8 42. Qf6 1-0

[Event "OHRA B tournament"]
[Site "Brussels"]
[Date "1986.12.??"]
[Round "9"]
[White "Goormachtigh, Johan"]
[Black "Moulin, Pierre"]
[Result "1-0"]
[WhiteElo "2335"]
[BlackElo "2310"]
[EventDate "1986.12.13"]
[WhiteTitle "FM"]
[Source "365chess.com"]

1. d4 Nf6 2. c4 e6 3. Nf3 c5 4. d5 exd5 5. cxd5 b5 6. Bg5 Qb6 7. e4 Nxe4 8. Qe2
f5 9. Nc3 Qg6 10. h4 Be7 11. h5 Qd6 12. Nxe4 fxe4 13. Qxe4 Kd8 14. O-O-O 1-0

[Event "OHRA B tournament"]
[Site "Brussels"]
[Date "1986.12.??"]
[Round "9"]
[White "Pergericht, Daniel"]
[Black "Defize, Alain"]
[Result "1/2-1/2"]
[WhiteElo "2345"]
[BlackElo "2330"]
[EventDate "1986.12.13"]
[BlackTitle "FM"]
[Source "E. Cornil, Les Cahiers du CREB tome 6: Daniel Pergericht, CREB"]

1. d4 Nf6 2. c4 d6 3. Nf3 Nbd7 4. Nc3 e5 5. Bg5 Be7 6. Qc2 c6 7. e3 O-O 8. Bd3
h6 9. Bh4 Nh5 10. Bxe7 Qxe7 11. O-O-O Nhf6 12. g4 d5 13. dxe5 Nxe5 14. Nxe5 Qxe5
15. h3 dxc4 16. Bxc4 b5 17. Bd3 Be6 18. Kb1 Rab8 19. Ne4 Nxe4 20. Bxe4 f5
21. gxf5 Qxe4 22. Qxe4 Bxf5 23. Qxf5 1/2-1/2